Hurricane - Bridgit Mendler - All Lyrics - Statistics

General Stats
  • This quiz has been taken 50 times
  • The average score is 449 of 587
Answer Stats
Answer % Correct
(Hey,
97%
hey)
97%
Oh
97%
Oh,
97%
oh
97%
oh)
97%
(Oh,
97%
oh,
97%
(Oh-oh,
97%
oh-oh)
97%
oh-oh,
97%
oh-oh-oh)
97%
(Ooh,
97%
ooh,
97%
Yeah,
97%
(Yeah)
97%
yeah)
97%
a
94%
the
94%
The
94%
he
88%
He
88%
hurricane
88%
I
88%
my
88%
of
85%
up
85%
when
85%
(When)
85%
when,
85%
eye
82%
eye,
82%
I'm
82%
in
82%
Like
82%
like,
82%
like
82%
you
82%
You
82%
comes
79%
every
79%
Every
79%
Here
79%
here
79%
rain
79%
standing
79%
Standing
79%
(Standing
79%
wind
79%
heart
76%
it
76%
let
76%
(Let
76%
Then
76%
you're
76%
You're
76%
blows
73%
him
73%
It's
73%
it's
73%
me
73%
me,
73%
smiles,
73%
sun,
73%
time
73%
us
73%
windows,
73%
windows
73%
And
70%
and
70%
apart
70%
Everything
70%
feel
70%
is
70%
we
70%
again
67%
again)
67%
be
67%
fine
67%
fine,
67%
on
67%
tearing
67%
locking
64%
Locking
64%
no
64%
Think
64%
think
64%
are
61%
boarding
61%
that
61%
brain
58%
clouds
58%
Got
58%
got
58%
he's
58%
He's
58%
(He's
58%
lookout
58%
storm
58%
hits
55%
hold
55%
I'll
55%
tears
55%
That's
55%
that's
55%
There's
55%
way
55%
way,
55%
way)
55%
by
52%
down
52%
face
52%
what
52%
bad
48%
big
48%
clogging
48%
home
48%
lonely
48%
never
48%
picks
48%
tell
48%
was
48%
weather
48%
don't
45%
place
45%
world
45%
But
42%
cold
42%
Cold
42%
(Cold,
42%
feet
42%
flying
42%
getting
42%
girl
42%
know
42%
now
42%
off
42%
outside
42%
tornado
42%
afraid
39%
bed
39%
Can't
39%
guess
39%
knees
39%
little
39%
made
39%
squirrel
39%
still
39%
alright
36%
as
36%
Dorothy
36%
gonna
36%
Say
36%
sneaky
36%
swept
36%
through
36%
air's
33%
crying
33%
drain
33%
insides
33%
floating,
30%
floating
30%
flopping
30%
hurt
30%
'til
30%
twisting
30%
drop
24%
hide
24%
same
24%
stuck
24%
No matching quizzes found
Score Distribution
Percent of People with Each Score
Percentile by Number Answered
Your Score History
You have not taken this quiz